01163cam a2200289 i 4500999001900000001000800019003000500027005001700032008004100049010001700090038001200107040001800119050002100137082001100158110007700169245004800246260008300294300002800377440004700405500019300452504002800645650003100673650002000704906004500724942001200769952009200781 c529334d5293342216882NUST20190924130444.0751124s1975 dcua b 000 0 eng  a 75027971  aMSOHAIL aDLCcDLCdDLC00aTE270b.N37 197500a625.852 aNational Research Council (U.S.).bTransportation Research Board.91967610aBituminous emulsions for highway pavements. aWashington :bTransportation Research Board, National Research Council,c1975. a76 p. :bill. ;c28 cm. 0aSynthesis of highway practice ;v30921212 a"Research sponsored by the American Association of State Highway and Transportation Officials and the Federal Energy Administration in cooperation with the Federal Highway Administration." aBibliography: p. 66-68. 0aPavements, Asphalt.921213 0aAsphalt.921214 a7bcbccorignewd2eocipf19gy-gencatlg 2ddccBK 00102ddc4070aNITbNITd2019-09-24l0o625.85pNIT-10842r2019-09-24w2019-09-24yBK